000 00568nam a2200193Ia 4500
003 GCL
008 140319s9999 xx 000 0 ara d
040 _aGCL /
_cGCL
082 0 4 _a813.03
_bا ف
100 1 _aاحسان عبدالقدوس
245 1 0 _aفوق الحلال والحرام /
_cاحسان عبدالقدوس
260 _a[S.N] :
_bمركز الاهرام للترجمة والنشر ،
_c1987
300 _a212 ص
490 _a
650 0 4 _aالادب العربى
650 0 4 _aالقصص
650 0 4 _aالمجموعات
942 _2ddc
_cBK
999 _c30198
_d30198